UM Logo

The handbook of global trade policy / (Record no. 19217)

MARC details
000 -LEADER
fixed length control field 00640nam a2200181 4500
005 - DATE AND TIME OF LATEST TRANSACTION
control field 20250801162759.0
008 - FIXED-LENGTH DATA ELEMENTS--GENERAL INFORMATION
fixed length control field 240219b ||||| |||| 00| 0 eng d
020 ## - INTERNATIONAL STANDARD BOOK NUMBER
International Standard Book Number 9781119167396
082 ## - DEWEY DECIMAL CLASSIFICATION NUMBER
Classification number DRef 382.3
Item number H191 2020
245 ## - TITLE STATEMENT
Title The handbook of global trade policy /
Statement of responsibility, etc. edited by Andreas Klasen.
260 ## - PUBLICATION, DISTRIBUTION, ETC. (IMPRINT)
Place of publication, distribution, etc. Hoboken, NJ :
Name of publisher, distributor, etc. Wiley Blackwell,
Date of publication, distribution, etc. ©2020.
300 ## - PHYSICAL DESCRIPTION
Extent xvi, 608 pages :
Other physical details illustrations ;
Dimensions 26 cm.
500 ## - GENERAL NOTE
General note Includes bibliographical references and index.<br/>
650 ## - SUBJECT ADDED ENTRY--TOPICAL TERM
Topical term or geographic name as entry element Commercial policy.
9 (RLIN) 52721
650 ## - SUBJECT ADDED ENTRY--TOPICAL TERM
Topical term or geographic name as entry element International trade.
9 (RLIN) 3544
650 ## - SUBJECT ADDED ENTRY--TOPICAL TERM
Topical term or geographic name as entry element International economic relations.
9 (RLIN) 52722
942 ## - ADDED ENTRY ELEMENTS (KOHA)
Source of classification or shelving scheme Dewey Decimal Classification
Koha item type Reference
Holdings
Withdrawn status Lost status Source of classification or shelving scheme Damaged status Not for loan Collection code Home library Current library Date acquired Source of acquisition Cost, normal purchase price Total Checkouts Full call number Barcode Date last seen Price effective from Koha item type
    Dewey Decimal Classification     Reference UM Digos College - LIC UM Digos College - LIC 07/19/2023 Purchased 4208.00   DRef 382.3 H191 2020 27863 05/15/2025 02/19/2024 Reference